Click the Ozzy Osbourne Song Title Ending - Statistics

General Stats
  • This quiz has been taken 13 times
  • The average score is 19 of 20
Answer Stats
Hint Answer % Correct
Mr. Crowley
100%
Shot in the Dark
100%
Mama I'm Coming Home
100%
I Don't Know
100%
Diary Of a Madman
100%
Bark at the Moon
100%
Goodbye to Romance
100%
See You on the Other Side
100%
No More Tears
100%
Time After Time
100%
Crazy Train
100%
Over the Mountain
92%
Road to Nowhere
92%
Suicide Solution
92%
Civilize the Universe
92%
Flying High Again
83%
Close My Eyes Forever
83%
The Ultimate Sin
83%
I Don't Wanna Stop
83%
Under the Graveyard
67%
No matching quizzes found
Score Distribution
Percent of People with Each Score
Percentile by Number Answered
Your Score History
You have not taken this quiz